header

Quantitative analysis in financial markets (Record no. 14235)

MARC details
000 -LEADER
fixed length control field 01504nam a2200325Ia 4500
245 10 - TITLE STATEMENT
Title Quantitative analysis in financial markets
260 ## - PUBLICATION, DISTRIBUTION, ETC. (IMPRINT)
Place of publication Singapore ;
-- River Edge, NJ :
Name of publisher World Scientific,
Year of publication 2001.
300 ## - PHYSICAL DESCRIPTION
Number of Pages xviii, 359 p. :
Other physical details ill.
500 ## - GENERAL NOTE
General note A collection of papers presented at the weekly Mathematical Finance Seminar at New York University's Washington Square campus and the Courant Institute.
650 #0 - SUBJECT ADDED ENTRY--TOPICAL TERM
Topical Term Finance
Topical Term Economics.
700 1# - ADDED ENTRY--PERSONAL NAME
Personal name Avellaneda, Marco,
856 40 - ELECTRONIC LOCATION AND ACCESS
Uniform Resource Identifier http://site.ebrary.com/lib/rucke/Doc?id=10255470

No items available.

© 2026 Rongo University
Contact us: librarian | system librarian | Rongo university